Немецкая деловая корреспонденция; Deutsche Handelskorrespondenz: учебное пособие

Xehetasun bibliografikoak
Egile nagusia: Солодовникова О. В. Ольга Владимировна
Erakunde egilea: Национальный исследовательский Томский политехнический университет (ТПУ)
Gaia:Пособие включает в себя базовые темы к курсу "Деловая корреспонденция (немецкий язык)", основные виды писем, упражнения по написанию различных типов писем. Предназначено для студентов 2 курса кафедры международного менеджмента, обучающихся в Институте инженерного предпринимательства по программе "Немецкий как второй иностранный", а также может быть использовано в качестве справочника студентами экономических специальностей, изучающих немецкий язык; специалистами, ведущими переписку с деловыми партнерами из немецкоговорящих стран.
Hizkuntza:errusiera
alemana
Argitaratua: Томск, Изд-во ТПУ, 2011
Gaiak:
Formatua: Liburua
KOHA link:https://koha.lib.tpu.ru/cgi-bin/koha/opac-detail.pl?biblionumber=210130

MARC

LEADER 00000nam0a2200000 4500
001 210130
005 20240207161912.0
035 |a (RuTPU)RU\TPU\book\229501 
090 |a 210130 
100 |a 20120220d2011 m y0rusy50 ca 
101 0 |a rus  |a ger 
102 |a RU 
105 |a a j 001zy 
200 1 |a Немецкая деловая корреспонденция  |a Deutsche Handelskorrespondenz  |e учебное пособие  |f О. В. Солодовникова  |g Национальный исследовательский Томский политехнический университет (ТПУ) 
210 |a Томск  |c Изд-во ТПУ  |d 2011 
215 |a 145 с.  |c ил. 
320 |a Библиогр.: с. 133. 
330 |a Пособие включает в себя базовые темы к курсу "Деловая корреспонденция (немецкий язык)", основные виды писем, упражнения по написанию различных типов писем. Предназначено для студентов 2 курса кафедры международного менеджмента, обучающихся в Институте инженерного предпринимательства по программе "Немецкий как второй иностранный", а также может быть использовано в качестве справочника студентами экономических специальностей, изучающих немецкий язык; специалистами, ведущими переписку с деловыми партнерами из немецкоговорящих стран. 
606 1 |a Немецкий язык  |x Для вузов  |x Пособия по развитию речи  |2 stltpush  |3 (RuTPU)RU\TPU\subj\45398  |9 64640 
610 1 |a лексика 
610 1 |a грамматика 
610 1 |a письмо 
610 1 |a письменная речь 
610 1 |a письменное общение 
610 1 |a письменные коммуникации 
610 1 |a деловая корреспонденция 
610 1 |a труды учёных ТПУ 
686 |a Ш143.24-923.4  |2 rubbk 
700 1 |a Солодовникова  |b О. В.  |c лингвист  |c доцент Томского политехнического университета, кандидат философских наук  |f 1971-  |g Ольга Владимировна  |3 (RuTPU)RU\TPU\pers\26848  |9 12467 
712 0 2 |a Национальный исследовательский Томский политехнический университет (ТПУ)  |c (2009- )  |3 (RuTPU)RU\TPU\col\15902 
801 1 |a RU  |b 63413507  |c 20120220 
801 2 |a RU  |b 63413507  |c 20120227  |g RCR 
942 |c BK